000 00924nas a2200313 4500
001 BR0705140
003 BR-BrBNA
005 20231205111229.0
007 ta
008 230509b bl.|||p| |||| 00| 00por d
040 _aBR-BrBNA
_bpor
_cBiblioteca Nacional de Agricultura
041 _a(Pt)
072 _aL01; S20; L52
100 1 _aBarboza, S.H.R.
100 1 _aRomanelli, P.F.
245 1 _aRendimento de carcaça e composição centesimal do músculo dos moluscos escargot (Achatina fulica)e aruá (Pomacea lineata)
650 _aMOLUSCO
650 _aESCARGOT
650 _aARUÁ
650 _aMATURAÇÃO
650 _aABATE
650 _aCARNE
650 _aCARCAÇA
650 _aNUTRIENTE
650 _aCONSUMO ALIMENTAR
773 0 _tAlimentos e Nutrição (Brazil)
_xISSN 0103-4235
_g(2005), v. 16(1) p. 77-82
_wBR0705140
909 _a202311
_bLúcia
_c55
_dLúcia Elande
942 _2AGRIS
_n0
_cANA
999 _c191498
_d191498